Inclusión y dignidad indígena : Khuskachaywan ayllu runaq apuskachaywan Jawst'apiwi jaqi kankaña Tekoete kavi opeate päve pegua Ané manaunkúxi imó baama amonkómantai /

Saved in:
Format: Book
Published: El Alto : Edgar Ramos Andrade, 2005.
Edition:1a ed.
LEADER 00494nam a22001217a 4500
003 AR-BeUNQ
005 20251118183828.0
999 |c 39783  |d 123583 
245 |a Inclusión y dignidad indígena :  |b Khuskachaywan ayllu runaq apuskachaywan Jawst'apiwi jaqi kankaña Tekoete kavi opeate päve pegua Ané manaunkúxi imó baama amonkómantai /  |c Edgar Ramos Andrade. 
250 |a 1a ed. 
260 |a El Alto :  |b Edgar Ramos Andrade,  |c 2005. 
929 |a DONACION  |b Sonia Puricelli  |e 20250930  |f PAT0084611  |g 3819  |o PR 
942 |c LIB